| 000 | 01111pam a2200265 a 4500 | ||
|---|---|---|---|
| 005 | 20200104041535.0 | ||
| 008 | 840823t19841968dcua b 001 0 eng | ||
| 020 |
_a0915707136 (pbk.) : _c$9.50 |
||
| 040 |
_aDLC _cDLC _dDLC _dCO-BoIAVH |
||
| 041 | _aeng | ||
| 082 | 0 | 0 |
_a363.7394 _bK68m |
| 100 | 1 | _aKneese, Allen V. | |
| 245 | 1 | 0 |
_aManaging water quality : _beconomics, technology, institutions / _cAllen V. Kneese and Blair T. Bower. |
| 260 |
_aWashington, D.C. : _bResources for the Future ; _aBaltimore : _bDistributed by Johns Hopkins University Press, _c1984, c1968. |
||
| 300 |
_axiv, 328 p. : _bill. ; _c23 cm. |
||
| 500 | _aRevision of: The economics of regional water quality management / by Allen V. Kneese. | ||
| 504 | _aIncludes bibliographical references and index. | ||
| 650 | 0 | _aWater quality management. | |
| 650 | 0 | _aGestión de la calidad del agua. | |
| 650 | 0 | _aAgua | |
| 700 | 1 | _aBower, Blair T. | |
| 700 | 1 |
_aKneese, Allen V. _tEconomics of regional water quality management. |
|
| 710 | 2 | _aResources for the Future. | |
| 942 |
_2ddc _cLIBRO |
||
| 999 |
_c2753 _d2753 |
||